|
|
|
|
| LEADER |
00000nkm a2200000 a 4500 |
| 001 |
vtls011546123 |
| 003 |
SK-MaSNL |
| 005 |
20260302014329.0 |
| 007 |
kf bo |
| 008 |
231214q1964 xo g kuslo |
| 015 |
|
|
|a SNBG1962
|
| 035 |
|
|
|a urn:nbn:sk:snk-km00bkew
|
| 035 |
|
|
|a urn:nbn:sk:snk-km3lmza
|
| 035 |
|
|
|a 44D09CCB-EDA4-4872-BD72-ADF125AF1F0A
|
| 040 |
|
|
|a SNK
|b slo
|c SNK
|e AACR2
|
| 041 |
0 |
|
|a slo
|
| 043 |
|
|
|a e-xo---
|
| 044 |
|
|
|a xo
|c SK
|
| 080 |
|
|
|a 908(437.6)
|2 2011
|
| 080 |
|
|
|a 551.332.56(234.374.4)
|2 2011
|
| 080 |
|
|
|a (084.121)
|2 2011
|
| 245 |
0 |
0 |
|a Vysoké Tatry
|h grafika
|b Nové Štrbské Pleso
|
| 260 |
|
|
|a [Liptovský Mikuláš]
|b Lumen
|c [1940?]
|
| 300 |
|
|
|a 1 pohľadnica
|b čiernobiela
|c 9 x 14 cm
|
| 651 |
|
7 |
|a Štrbské pleso (Vysoké Tatry, Slovensko)
|2 SNKPH
|9 174793
|
| 655 |
|
7 |
|a miestne pohľadnice
|2 SNKPH
|9 70510
|
| 852 |
|
|
|a Slovenská národná knižnica
|
| 958 |
|
|
|a GC
|
| 958 |
|
|
|a GBN
|
| 958 |
|
|
|a OND
|
| 999 |
|
|
|c 1016513
|d 1018443
|
| 952 |
|
|
|a SNK
|b SNK
|y PREZ
|7 0
|p 17A1183279
|o snkSP 26667
|0 0
|1 0
|4 0
|d 2016-04-18
|f 1
|l 0
|r 2026-02-24 13:11:19
|w 2026-02-24
|